Normal view
MARC view
- وضعه حنا، إدوارد جورج؛ تنفيذ فاروق العامري
Entry Personal Name
001 - CONTROL NUMBER
- control field: 51105
003 - CONTROL NUMBER IDENTIFIER
- control field: JO-AjAnu
005 - DATE AND TIME OF LATEST TRANSACTION
- control field: 20230606082417.0
008 - FIXED-LENGTH DATA ELEMENTS
- fixed length control field: 230606|| aca||aabn | a|a d
040 ## - CATALOGING SOURCE
- Original cataloging agency: JO-AjAnu
- Transcribing agency: JO-AjAnu
100 ## - HEADING--PERSONAL NAME
- Personal name: وضعه حنا، إدوارد جورج؛ تنفيذ فاروق العامري
670 ## - SOURCE DATA FOUND
- Source citation: Work cat.: (JO-AjAnu)26121: وضعه حنا، إدوارد جورج؛ تنفيذ فاروق العامري, author, الكومبيوتر في شركات الطيران: حجز تذاكر وأماكن ومواعيد سفر الركاب